|
|
|
|
| LEADER |
01874nam a22004695i 4500 |
| 001 |
978-3-540-26442-2 |
| 003 |
DE-He213 |
| 005 |
20151204191128.0 |
| 007 |
cr nn 008mamaa |
| 008 |
100301s2005 gw | s |||| 0|eng d |
| 020 |
|
|
|a 9783540264422
|9 978-3-540-26442-2
|
| 024 |
7 |
|
|a 10.1007/b137591
|2 doi
|
| 040 |
|
|
|d GrThAP
|
| 050 |
|
4 |
|a R895-920
|
| 072 |
|
7 |
|a MMPH
|2 bicssc
|
| 072 |
|
7 |
|a MMP
|2 bicssc
|
| 072 |
|
7 |
|a MED008000
|2 bisacsh
|
| 082 |
0 |
4 |
|a 616.0757
|2 23
|
| 100 |
1 |
|
|a Haller, Jack O.
|e author.
|
| 245 |
1 |
0 |
|a Pediatric Radiology
|h [electronic resource] :
|b An Introduction for Medical Students, Residents, and Pediatric Health Care Providers /
|c by Jack O. Haller, Thomas L. Slovis, Aparna Joshi.
|
| 250 |
|
|
|a Third Edition.
|
| 264 |
|
1 |
|a Berlin, Heidelberg :
|b Springer Berlin Heidelberg,
|c 2005.
|
| 300 |
|
|
|a XIII, 291 p. 821 illus., 2 illus. in color.
|b online resource.
|
| 336 |
|
|
|a text
|b txt
|2 rdacontent
|
| 337 |
|
|
|a computer
|b c
|2 rdamedia
|
| 338 |
|
|
|a online resource
|b cr
|2 rdacarrier
|
| 347 |
|
|
|a text file
|b PDF
|2 rda
|
| 505 |
0 |
|
|a Diagnostic Medical Imaging: How, Why, and When -- Understanding Radiation and Its Effect on Children -- Chest Examinations in Children -- The Chest in the Neonate and Young Infant -- Abdominal Imaging -- Abdominal and Pelvic Masses -- Skeleton -- Central Nervous System -- Special Procedures.
|
| 650 |
|
0 |
|a Medicine.
|
| 650 |
|
0 |
|a Radiology.
|
| 650 |
|
0 |
|a Pediatrics.
|
| 650 |
1 |
4 |
|a Medicine & Public Health.
|
| 650 |
2 |
4 |
|a Imaging / Radiology.
|
| 650 |
2 |
4 |
|a Pediatrics.
|
| 700 |
1 |
|
|a Slovis, Thomas L.
|e author.
|
| 700 |
1 |
|
|a Joshi, Aparna.
|e author.
|
| 710 |
2 |
|
|a SpringerLink (Online service)
|
| 773 |
0 |
|
|t Springer eBooks
|
| 776 |
0 |
8 |
|i Printed edition:
|z 9783540213543
|
| 856 |
4 |
0 |
|u http://dx.doi.org/10.1007/b137591
|z Full Text via HEAL-Link
|
| 912 |
|
|
|a ZDB-2-SME
|
| 950 |
|
|
|a Medicine (Springer-11650)
|